[Event "Stockholm Chess Challenge 2018"]
[Site "Stockholm"]
[Date "2018.04.30"]
[Round "1"]
[White "Maiorov, Nikita"]
[Black "Seo, Jung Min"]
[Result "1-0"]
[WhiteElo "2543"]
[BlackElo "2349"]
[Annotator "TA"]
[PlyCount "103"]
[EventDate "2018.??.??"]
[EventCountry "SWE"]
[SourceTitle "playchess.com"]
[Source "ChessBase"]
[SourceQuality "1"]

{[%evp 17,103,31,54,40,62,58,75,76,78,80,82,85,122,74,87,100,95,83,77,69,97,95,95,90,106,91,92,75,95,88,96,106,99,64,64,68,106,87,93,78,79,96,81,89,75,35,85,20,26,39,38,26,59,27,34,23,23,0,23,25,27,27,25,27,24,22,22,22,43,46,36,40,53,53,60,50,72,67,403,394,398,396,381,378,412,398,378,316]} 1. d4 f5 2. c4 Nf6 3. g3 g6 4. Bg2 Bg7 5. Nf3 O-O 6. O-O d6 7. Nc3 c6 8. Qb3 Kh8 9. Rd1 {A88: Dutch Defence: Leningrad System: 5 Nf3 0-0 6 0-0 d6 7 Nc3 c6} Qc7 {LiveBook: 4 Games} (9... Na6 10. Qa3 Nc7 11. d5 Bd7 12. dxc6 Bxc6 13. Be3 b6 14. Rac1 Qe8 15. b4 Ng4 16. Bd2 Ne5 17. Nxe5 Bxe5 {½-½ (57) Bacrot,E (2702)-Svidler,P (2762) Porto Vecchio 2016}) 10. Qa3 Be6 $146 ({Predecessor:} 10... Nbd7 11. b4 e5 12. dxe5 Nxe5 13. c5 Nxf3+ 14. Bxf3 d5 15. Bb2 Nd7 16. Nb1 Ne5 {½-½ (41) Borkovec,M (2244)-Hlavacek,J (2211) Czechia 2002}) 11. c5 {White is slightly better.} d5 12. Bf4 Qd8 13. b4 Ne4 14. Rab1 a6 15. Be5 Bf6 16. e3 Nd7 17. Bxf6+ exf6 18. Ne2 Ng5 19. Ne1 Bf7 20. Qc1 Ne6 21. Nd3 g5 22. Re1 Bg6 23. Rb3 Qc7 24. Qd2 Rfe8 25. f3 Kg7 26. Nf2 Re7 27. e4 fxe4 28. fxe4 dxe4 29. Nc3 Rd8 30. Ncxe4 Ndf8 31. Nd6 Red7 32. Rbe3 ({White should play} 32. Nfe4 $16) 32... Rxd6 $1 $11 33. cxd6 Qxd6 34. Qb2 (34. a3 {looks sharper.} Rd7 35. d5 Nc7 36. Qb2 Nxd5 37. R3e2) 34... Qxd4 35. Qxd4 (35. Qe2 {feels hotter.} f5 36. a3 Re8 37. Rd3 Qf6 38. Qd2) 35... Rxd4 36. Bh3 f5 37. a3 Rd6 38. Rd3 Rxd3 39. Nxd3 Kf6 40. Kf2 Nd7 41. Bf1 Bf7 42. Rd1 Be8 43. Be2 {[%mdl 1024] White has compensation.} Ke7 44. Nb2 Nb6 45. Bc4 Nc7 46. Bb3 Nd7 47. Nc4 Bf7 $2 {[%mdl 8192] [#]} (47... Bh5 $14) 48. Rxd7+ $1 $18 {[%mdl 512] White is winning.} Kxd7 49. Ne5+ Ke7 50. Nxf7 Nb5 51. Nxg5 h6 52. Ne6 {Precision: White = 65%, Black = 41%.} 1-0

[Event "Stockholm Chess Challenge 2018"]
[Site "Stockholm"]
[Date "2018.04.30"]
[Round "1"]
[White "Blomqvist, Erik"]
[Black "Thorn, Eric"]
[Result "1-0"]
[WhiteElo "2494"]
[BlackElo "2312"]
[Annotator "TA"]
[PlyCount "77"]
[EventDate "2018.??.??"]
[EventCountry "SWE"]
[SourceTitle "playchess.com"]
[Source "ChessBase"]
[SourceQuality "1"]

{[%evp 19,77,18,14,0,24,24,19,11,9,20,34,20,43,26,31,18,12,27,43,46,50,26,23,18,31,17,62,62,54,54,61,9,56,63,68,69,178,0,73,83,122,0,115,118,260,238,231,230,227,227,367,369,375,372,367,350,346,346,1429,1400]} 1. e4 e5 2. Nf3 Nc6 3. Bb5 a6 4. Ba4 Nf6 5. d3 b5 6. Bb3 Be7 7. a4 b4 {C77: Ruy Lopez: 3...a6 4 Ba4 Nf6, unusual lines} (7... Rb8 8. axb5 axb5 9. O-O O-O 10. c3 d5 11. exd5 Nxd5 12. Re1 Bf6 13. Nbd2 Nf4 14. Ne4 Qxd3 15. Bxf4 Qxd1 16. Raxd1 exf4 17. Bd5 Rb6 18. Nxf6+ gxf6 {½-½ (63) Hou,Y (2654)-Karpov,A (2623) Harbin 2018}) 8. Nbd2 d6 9. Nc4 O-O 10. h3 Be6 {LiveBook: 3 Games} 11. a5 Nd4 $146 ({Predecessor:} 11... Nd7 12. Be3 Bf6 13. c3 bxc3 14. bxc3 Rb8 15. Ba4 {½-½ (43) Cao,S (2406)-Tokhirjonova,G (2297) Ho Chi Minh City 2017}) 12. Nxd4 exd4 13. O-O Nd7 14. Nd2 Bxb3 15. Nxb3 c5 16. Nd2 Rb8 17. f4 {[%cal Bf2f4,Bf4f5,Bf5f6][%mdl 32]} Rb5 18. Nc4 d5 19. exd5 Nf6 20. d6 Bxd6 21. Qf3 Qd7 22. f5 Re8 23. Bg5 Nd5 24. Rae1 (24. Qxd5 $2 Bh2+ 25. Kxh2 Qxd5 $19) 24... Rbb8 $1 25. Re4 (25. f6 $14) 25... Bc7 26. f6 {Threatens to win with fxg7.} g6 27. Rfe1 Re6 (27... Red8 $14) 28. Qg4 $2 ({Only move:} 28. Rxe6 $18 {aiming for Qxd5.} fxe6 29. Nd2) 28... Rbe8 {[#]} (28... Rxe4 $11 29. Qxd7 Rxe1+ 30. Kf2 Rd8) 29. Qh4 $1 $16 {[%cal Rh4h6] Intending Qh6 and mate.} Bd6 {[#]} 30. Bh6 ({But not} 30. Qh6 $6 Bf8 $11) ({White should try} 30. Nb6 $1 $16 {[%cal Rb6d7]} Rxe4 31. Rxe4 (31. Nxd7 $2 {loses.} Rxe1+ 32. Kf2 Ne3 $19) 31... Nxb6 32. Rxe8+ (32. axb6 Rb8 $14) 32... Qxe8 33. axb6) 30... Ne3 (30... Bc7 $11 {remains equal.}) 31. Bxe3 Rxe4 (31... dxe3 $16 32. R1xe3 h5) 32. dxe4 $40 {[%cal Bd3e4,Be4e5][%mdl 160] White has strong attack.} dxe3 33. Rxe3 Bf8 34. Rd3 Qe6 (34... Qa4 $142 35. Rd2 Qa1+ 36. Kf2 Qc1) 35. e5 Qf5 36. b3 h5 37. Qf2 Qg5 38. Qe3 Qh4 $2 (38... Qf5 39. Qf2 Qe4) 39. Kh2 {Precision: White = 55%, Black = 36%.} 1-0

[Event "Stockholm Chess Challenge 2018"]
[Site "Stockholm"]
[Date "2018.04.30"]
[Round "1"]
[White "Reshef, Omer"]
[Black "Kantane, Anna"]
[Result "1-0"]
[WhiteElo "2482"]
[BlackElo "2266"]
[Annotator "TA"]
[PlyCount "123"]
[EventDate "2018.??.??"]
[EventCountry "SWE"]
[SourceTitle "playchess.com"]
[Source "ChessBase"]
[SourceQuality "1"]

{[%evp 13,123,2,0,0,4,0,12,7,35,34,30,29,71,67,66,30,42,6,10,4,13,0,0,0,0,0,38,46,50,55,58,0,56,64,157,113,247,90,136,109,112,111,133,119,123,123,131,127,129,127,132,118,137,132,163,150,231,262,273,212,183,167,164,164,164,163,174,174,174,167,174,174,174,156,156,152,153,155,157,157,157,156,157,157,157,157,160,156,156,159,159,153,155,104,133,145,173,162,153,152,183,184,374,376,370,370,428,420,424,425,400,393]} 1. e4 e5 2. Nf3 Nc6 3. Nc3 Nf6 4. Bb5 Bd6 5. O-O (5. d3 h6 6. Ne2 a6 7. Ba4 b5 8. Bb3 Na5 9. d4 Nxb3 10. axb3 Nxe4 11. dxe5 Bc5 12. Qd5 Bxf2+ 13. Kf1 {½-½ (49) Inarkiev,E (2689)-Svidler,P (2765) St Petersburg 2017}) 5... O-O 6. d3 {C48: Four Knights: 4 Bb5, replies other than 4...Bb4} h6 7. Re1 Re8 {LiveBook: 12 Games} 8. Ba4 {The position is equal.} a6 9. a3 b5 10. Bb3 Bb7 11. Nd5 $146 ({Predecessor:} 11. Bd2 Bf8 12. Nd5 d6 13. c4 Nb8 14. Ba5 Nxd5 15. cxd5 Qd7 16. Ba2 Be7 17. d4 Bd8 18. dxe5 dxe5 {1-0 (42) Naiditsch,A (2576)-Stefanova,A (2478) Wijk aan Zee 2004}) 11... Na5 12. Ba2 c5 13. Nxf6+ Qxf6 14. Be3 Bf8 15. Qd2 Nc6 16. c3 Nd8 17. b4 Ne6 18. Rab1 c4 19. Rbd1 a5 20. dxc4 axb4 21. axb4 bxc4 22. Qc2 (22. Bxc4 $14 Bxe4 23. Bd5 Bxd5 24. Qxd5) 22... Rec8 ({Black should try} 22... Qg6 $11 23. Bc1 (23. Bxc4 Bxe4 24. Qe2 Rec8 $11) 23... Bxe4 24. Qxe4 Qxe4 25. Rxe4 Rxa2) 23. Rxd7 $14 Nd8 (23... Bc6 $14 24. Rd2 Bb7) 24. Rdd1 Bc6 (24... Qe6 $16 {was called for.}) 25. Ra1 $2 (25. Bxc4 $18 {and the rest is easy. Threatens to win with Ra1.} Ba4 26. Bb3 Bxb3 27. Qxb3) 25... Ba4 26. Qb2 Nb7 27. Nd2 Bb5 28. Bb1 {[%cal Ba2b1,Bb1c2,Bc2d1,Bd1e2][%mdl 32]} Rxa1 29. Qxa1 Qc6 30. Bc2 Nd8 31. Qb2 Ne6 32. Ra1 Nd4 {[#]} 33. Bd1 $1 Qb7 34. Ra3 Nc6 (34... Qc6 $16 35. Ra7 (35. cxd4 c3 $11) 35... Ne6) 35. h3 $18 Qc7 36. Be2 Nxb4 {Strongly threatening ...Nd3.} 37. cxb4 c3 38. Rxc3 Qxc3 39. Qxc3 Rxc3 40. Bxb5 Bxb4 {intending ...Rxe3.} 41. Nc4 Rb3 42. Bc6 f6 43. g3 Kh7 44. Bd5 Rb1+ 45. Kg2 Bc3 46. Kf3 h5 47. h4 Bb4 48. Be6 Be7 49. Nb6 g6 50. Nd5 Bd8 51. Bc5 Kg7 52. Bd6 Rb2 53. Nc7 (53. Bd7 $142) 53... Rc2 54. Ne8+ Kh7 55. Kg2 Rb2 56. Bd5 Rc2 57. Bf8 f5 $2 (57... Rb2 58. Bc5 Rc2) 58. exf5 gxf5 {[#]} 59. Be6 $1 {[%cal Re6f5]} e4 60. Bxf5+ Kg8 61. Bh6 Bb6 62. Nf6+ {Precision: White = 67%, Black = 46%.} 1-0

[Event "Stockholm Chess Challenge 2018"]
[Site "Stockholm"]
[Date "2018.04.30"]
[Round "1"]
[White "Haria, Ravi"]
[Black "Sorensen, Hampus"]
[Result "1-0"]
[WhiteElo "2441"]
[BlackElo "2243"]
[Annotator "TA"]
[PlyCount "82"]
[EventDate "2018.??.??"]
[EventCountry "SWE"]
[SourceTitle "playchess.com"]
[Source "ChessBase"]
[SourceQuality "1"]

{[%evp 18,82,27,4,19,10,-1,0,35,22,28,23,32,37,55,40,50,35,72,53,46,41,50,44,37,33,69,61,68,44,58,56,69,73,124,66,125,111,103,103,114,84,268,271,281,264,300,278,294,285,289,291,285,231,364,364,381,381,539,538,566,558,528,377,372,347,4902]} 1. Nf3 d5 2. g3 Nf6 3. Bg2 c6 4. c4 Bf5 5. O-O e6 6. cxd5 exd5 7. d3 Bc5 {A11: English Opening: 1...c6} 8. Qc2 Nbd7 9. Nc3 O-O 10. e4 {LiveBook: 3 Games} Bg4 11. h3 Bxf3 12. Bxf3 {[%cal Re4d5]} dxe4 $146 ({Predecessor:} 12... Rc8 13. Bf4 Bd4 14. Rad1 Re8 15. Ne2 {1-0 (43) Lysyj,I (2668)-Bezgodov,A (2512) Cheliabinsk 2016}) 13. dxe4 Qe7 14. Bg2 Rfd8 15. Kh2 Nf8 16. Bd2 Ne6 17. Rae1 Qd7 18. Bc1 Qd3 19. Qxd3 Rxd3 20. e5 Ne8 21. f4 $36 {[%cal Bf2f4,Bf4f5,Bf5f6][%mdl 2080] White is pushing.} N6c7 22. Be4 {[%cal Bg2e4,Be4c2,Bc2d3][%mdl 32]} Rdd8 23. f5 Bd4 24. Bc2 Nd5 25. Nxd5 cxd5 (25... Rxd5 $142 26. e6 Re5) 26. Rf4 (26. Re2 $16) 26... Bc5 (26... Rac8 $14 27. Ba4 Rc4) 27. f6 Rac8 28. Bd3 Rc6 29. fxg7 (29. b4 {feels hotter.} Bb6 30. Bb2 gxf6 31. exf6 d4 32. b5) 29... Be7 $2 (29... Nxg7 $16 30. Ref1 Rc7) 30. Ref1 $18 Nxg7 31. Rxf7 Rxc1 32. Rxe7 Rxf1 33. Bxf1 {[%mdl 4096] Endgame KRB-KRN} Rf8 34. Bg2 Rd8 35. e6 d4 (35... Kh8 {was necessary.} 36. g4 d4 37. Bxb7 d3) 36. Rd7 ({Less strong is} 36. Bxb7 d3 $18) ({Not} 36. Rxb7 Nxe6 37. Rxa7 d3 $18) 36... Nxe6 37. Bd5 $1 Re8 (37... Rxd7 {was called for.} 38. Bxe6+ Rf7 $1 {[%mdl 512]}) 38. Rd6 Kf7 39. Kg2 Kf6 {[#] intending ...Ke5.} 40. Kf3 $1 {[%cal Rf3e4]} Ke5 41. Rxe6+ $1 Kxd5 $2 {Precision: White = 76%, Black = 35%.} (41... Rxe6 42. Bxe6 Kxe6) 1-0

[Event "Stockholm Chess Challenge 2018"]
[Site "Stockholm"]
[Date "2018.04.30"]
[Round "1"]
[White "Rao, SV Srinath"]
[Black "Crevatin, Leo"]
[Result "1-0"]
[WhiteElo "2363"]
[BlackElo "2157"]
[Annotator "TA"]
[PlyCount "77"]
[EventDate "2018.??.??"]
[EventCountry "SWE"]
[SourceTitle "playchess.com"]
[Source "ChessBase"]
[SourceQuality "1"]

{[%evp 10,77,43,24,39,35,35,33,46,59,53,63,68,14,20,13,18,13,5,12,36,28,29,28,64,59,61,44,295,291,318,317,326,316,370,342,374,337,321,318,303,281,664,440,662,651,728,706,752,741,747,743,578,746,745,731,700,703,1016,860,1575,1621,1485,1372,6095,6020,5214,5196,2375,1874]} 1. e4 c5 2. Nf3 Nc6 3. c3 d5 4. exd5 Qxd5 5. d4 Bf5 6. Be3 Nf6 {B22: Sicilian: 2 c3} 7. Na3 {aiming for Bc4.} (7. Qb3 cxd4 8. Nxd4 Nxd4 9. Bxd4 a6 10. Nd2 e6 11. Be2 O-O-O 12. Nc4 Bc5 13. O-O Be4 14. Rfd1 {1-0 (32) Jones,G (2676)-Pichot,A (2556) Sharjah 2017}) 7... cxd4 8. Bc4 Qd7 {White is slightly better.} 9. Nxd4 Nxd4 10. Bxd4 a6 11. Qb3 (11. Bb3 $14) 11... e6 $1 $11 12. O-O Be7 13. Rad1 $146 {[#] And now Bxf6 would win.} ({Predecessor:} 13. Be2 O-O 14. Nc4 {0-1 (36) Yam,A (2306)-Shabalov,A (2538) Calgary 2015}) 13... Qc6 14. Be2 Be4 15. f3 Bf5 16. Nc4 $36 {[%mdl 2048] White fights for an advantage.} b5 17. Ne5 Qc7 18. a4 Bc5 $2 {[%mdl 8192] [#]} (18... O-O $14) 19. Bxb5+ $1 $18 {[%mdl 512]} Kf8 {White must now prevent ...Qxe5.} (19... axb5 20. Qxb5+) 20. Bc6 Bxd4+ 21. Rxd4 ({Don't play} 21. cxd4 $6 Rb8 $18) 21... Rb8 22. Qa3+ Qe7 23. Qxe7+ Kxe7 24. g4 Bg6 25. g5 Ne8 $2 (25... Rxb2 26. gxf6+ gxf6) 26. Rd7+ {White is clearly winning.} Kf8 27. Rfd1 f6 28. Nxg6+ hxg6 29. Rd8 Rxd8 30. Rxd8 {[%mdl 4096] Endgame KRB-KRN} Ke7 31. Rd7+ Kf8 32. gxf6 gxf6 33. b4 f5 34. Rd8 Ke7 35. Rxe8+ Rxe8 36. Bxe8 Kxe8 37. f4 Kd7 38. c4 Kd6 39. b5 {Precision: White = 89%, Black = 36%.} 1-0

[Event "Stockholm Chess Challenge 2018"]
[Site "Stockholm"]
[Date "2018.04.30"]
[Round "1"]
[White "Storme, Isak"]
[Black "Kantans, Toms"]
[Result "0-1"]
[WhiteElo "2323"]
[BlackElo "2510"]
[Annotator "TA"]
[PlyCount "82"]
[EventDate "2018.??.??"]
[EventCountry "SWE"]
[SourceTitle "playchess.com"]
[Source "ChessBase"]
[SourceQuality "1"]

{[%evp 23,82,0,18,0,0,0,-12,-3,0,0,0,-26,0,-89,0,-154,-148,-175,-181,-172,-187,-175,-175,-175,-172,-189,-206,-204,-193,-291,-150,-239,-225,-213,-216,-211,-214,-663,-662,-643,-631,-565,-354,-354,-329,-312,-304,-420,-420,-420,-420,-420,-420,-421,-421,-778,-663,-1152,-957,-886,-781]} 1. d4 {[%cal Bd2d4,Bd4d5][%mdl 32]} Nf6 2. c4 g6 3. f3 c5 4. d5 d6 5. e4 Bg7 6. Nc3 O-O 7. Nge2 e6 8. Ng3 exd5 9. cxd5 a6 10. a4 Ne8 11. Bd3 Nd7 12. O-O Rb8 13. Be3 {A65: Modern Benoni: 6 e4} (13. Kh1 Nc7 14. a5 Ne5 15. Be2 h5 16. f4 Ng4 17. e5 Qh4 18. Bxg4 Bxg4 19. Qa4 Rbd8 20. exd6 Rxd6 {1-0 (40) Bischoff,K (2505)-Schaefer,M (2430) Germany 1993}) 13... Nc7 14. a5 $146 ({Predecessor:} 14. f4 b5 15. axb5 axb5 16. e5 dxe5 17. d6 Ne6 18. f5 Nd4 19. Nd5 Bb7 20. Ne7+ Kh8 21. fxg6 fxg6 {0-1 (39) Shamima,A (2125)-Le,T (2326) Subic Bay 2009}) 14... b5 15. axb6 {The position is equal.} Rxb6 16. Qd2 Rb4 17. f4 Re8 18. e5 {[#]} (18. Rae1 $11 {keeps the balance.}) 18... f5 (18... Nb6 $1 $17 19. exd6 Rxe3 20. dxc7 Qxc7) 19. exf6 $2 (19. Bxf5 $11 gxf5 20. Nxf5) 19... Nxf6 $17 {And now ...Ng4 would win.} 20. f5 {[#] Black must now prevent Bg5.} Rxe3 $1 {[%mdl 512]} 21. Qxe3 {[#]} Ng4 $1 22. Qe1 Nxh2 ({Don't play} 22... Rxb2 23. Nge2 $17) 23. f6 ({Wrong is} 23. Rf2 $2 Ng4 $19) 23... Nxf1 24. fxg7 Nxg3 25. Qxg3 {intending Rf1.} Kxg7 26. Ne4 (26. Rf1 {was worth a try.}) 26... Nxd5 (26... Bf5 $19 27. Re1 Kg8) 27. Nxd6 (27. Qxd6 $17 Qxd6 28. Nxd6) 27... Nf4 $19 28. Nxc8 Qd4+ 29. Kh2 Qxd3 30. Qg5 $2 (30. Qxd3 Nxd3 31. Rxa6) 30... Re4 31. Ne7 {Now Nf5+ and White clings on.} Qd7 32. Rf1 Qxe7 33. Qxe7+ Rxe7 34. Rxf4 {[%mdl 4096] Endgame KR-KR} Rb7 35. Ra4 Rxb2 36. Rxa6 h5 37. Rc6 Rc2 38. Kg3 Kh6 {Black is clearly winning.} 39. Kh3 (39. Re6 $142) 39... Kg5 40. Rc7 Rc3+ 41. Kh2 Kg4 {Precision: White = 32%, Black = 73%.} 0-1

[Event "Stockholm Chess Challenge 2018"]
[Site "Stockholm"]
[Date "2018.04.30"]
[Round "1"]
[White "Pantzar, Milton"]
[Black "Kobo, Ori"]
[Result "0-1"]
[WhiteElo "2295"]
[BlackElo "2484"]
[Annotator "TA"]
[PlyCount "58"]
[EventDate "2018.??.??"]
[EventCountry "SWE"]
[SourceTitle "playchess.com"]
[Source "ChessBase"]
[SourceQuality "1"]

{[%evp 20,58,8,0,6,8,20,-10,-6,-26,-18,-71,-53,-53,-54,-65,-54,-61,-55,-77,-33,-42,0,0,0,0,0,-54,-47,-47,-54,-54,-54,-54,-54,-56,-58,-5924,-5732,-29998,-29999]} 1. Nf3 d5 2. g3 g6 3. Bg2 Bg7 4. O-O e5 5. d3 Ne7 6. e4 O-O 7. exd5 Nxd5 8. Nc3 {A07: Réti Opening: New York and Capablanca Systems} Ne7 9. Re1 Nbc6 10. Rb1 a5 11. a3 {LiveBook: 6 Games} a4 12. Re4 Nd5 13. Nxd5 $146 ({Predecessor:} 13. Bd2 Bf5 14. Re1 Nb6 15. Qc1 Re8 16. Bh6 f6 17. Ne4 {½-½ (63) Nepomniachtchi,I (2729)-Caruana,F (2799) London 2017}) 13... Qxd5 14. Rh4 Qd8 15. Ng5 (15. Bh6 $11) 15... Bf6 16. Bxc6 $1 bxc6 17. Qd2 Qd5 {[#] ...Qa2 is the strong threat.} 18. Qb4 h5 19. Be3 Bf5 20. Qd2 Rfb8 21. Rc4 Bxg5 22. Bxg5 Bh3 $40 {[%csl Gh3][%cal Rd5g2][%mdl 128] [#] Black mounts an attack.} 23. f4 (23. Re4 $11) 23... exf4 $15 24. Bxf4 Re8 $1 25. Qf2 Re6 {Threatens to win with ...Rae8.} 26. Re4 ({Avoid the trap} 26. Bxc7 $2 Rae8 $19) 26... Rae8 27. Rbe1 Rxe4 28. Rxe4 $4 {[%mdl 8192]} (28. dxe4 $15 Rxe4 29. Bd2) 28... Rxe4 $19 29. dxe4 Qd1+ {Precision: White = 59%, Black = 83%.} 0-1

[Event "Stockholm Chess Challenge 2018"]
[Site "Stockholm"]
[Date "2018.04.30"]
[Round "1"]
[White "Kucuksari, Kaan"]
[Black "Firat, Burak"]
[Result "1-0"]
[WhiteElo "2251"]
[BlackElo "2446"]
[Annotator "TA"]
[PlyCount "89"]
[EventDate "2018.??.??"]
[EventCountry "SWE"]
[SourceTitle "playchess.com"]
[Source "ChessBase"]
[SourceQuality "1"]

{[%evp 27,89,17,27,21,37,23,14,17,65,57,68,62,87,54,42,16,98,116,234,228,332,334,269,0,0,0,0,0,461,486,458,454,454,413,406,374,599,416,573,550,570,570,566,556,937,509,683,585,559,412,430,394,5128,872,5447,5447,5081,872,822,740,855,830,5447,671]} 1. d4 Nf6 2. Nf3 g6 3. c4 Bg7 4. Nc3 d5 5. cxd5 Nxd5 6. g3 Nb6 7. Bg2 Nc6 8. e3 O-O 9. O-O Re8 10. a3 {D76: Fianchetto Grünfeld: Main Line with 7...Nb6} e5 11. d5 Ne7 (11... Na5 12. Qc2 c6 13. b4 Nac4 14. dxc6 bxc6 15. Rd1 Bf5 16. e4 Bd7 17. Na4 Nxa4 18. Qxc4 {½-½ (50) Le,Q (2737)-Ivanchuk,V (2726) Huaian 2017}) 12. e4 Bg4 13. h3 Bxf3 14. Qxf3 c6 $1 {LiveBook: 3 Games} 15. g4 $146 ({Predecessor:} 15. Rd1 cxd5 16. exd5 Nf5 17. d6 Rb8 {0-1 (99) Swinkels,R (2484)-Kantans,T (2476) Germany 2017}) 15... Qc7 16. Rd1 {Black must now prevent d6.} Rad8 17. a4 {[%cal Ba3a4,Ba4a5][%mdl 32]} h6 18. a5 Nbc8 19. Be3 g5 20. h4 gxh4 21. g5 Rd6 (21... hxg5 $11 22. Bxg5 Rd6) 22. Rac1 $36 {[%mdl 2048] White is really pushing.} Qxa5 {[#]} (22... Qb8 $16) 23. dxc6 $1 $18 Rxc6 (23... bxc6 {is a better defense.} 24. Rxd6 (24. gxh6 Bxh6 25. Ra1 Qb4 $11) 24... Nxd6) 24. gxh6 Bxh6 {[#]} 25. b4 $2 (25. Nd5 $1 $18 Bg7 26. Rxc6 Nxc6 27. Bh3) 25... Qxb4 $11 {aiming for ...Bxe3.} 26. Nd5 $1 {[%cal Rd5b4]} (26. Bxh6 Rxh6 27. Rb1 (27. Rd7 Qc4 $17) 27... Qa3 $17) 26... Nxd5 27. Rxc6 Bg7 $2 {[%mdl 8192]} ({But not} 27... Nxe3 $2 28. Rxh6 Qf8 29. Qxe3 $18) (27... Bxe3 $11 {and Black stays safe.} 28. Rxc8 Rxc8 29. Qg4+ Kh7 30. Qf5+ Kg7 31. Qg4+ Kh7 32. Qf5+ Kg7 33. Qg4+ Kh7) 28. Rxc8 $18 ({Less strong is} 28. exd5 bxc6 29. dxc6 Rf8 $16) 28... Rxc8 29. Rxd5 Qe7 30. Qg4 Rc6 31. Rd7 Qe8 $2 (31... Rg6 {was called for.} 32. Rxe7 Rxg4) 32. Rxb7 Rg6 33. Qxh4 Qc8 {...Bf6 is the strong threat.} 34. Rxa7 Bf6 35. Qh5 Qd8 36. Ra1 Bg5 37. Bxg5 Rxg5 38. Qf3 Qd6 39. Rd1 Qg6 $2 (39... Qe6 40. Rd8+ Kh7) 40. Qh3 {Threatening mate with Rd8+.White is clearly winning.} Kg7 41. Rd8 {[%csl Gd8][%cal Rh3h8]} Qh5 42. Qxh5 Rxh5 43. Rd5 Kf6 {[#]} 44. f4 $1 Ke6 (44... exf4 45. Rxh5) 45. Bf3 {Precision: White = 66%, Black = 20%.} 1-0

[Event "Stockholm Chess Challenge 2018"]
[Site "Stockholm"]
[Date "2018.04.30"]
[Round "1"]
[White "Pranav Anand"]
[Black "Sankalp Gupta"]
[Result "1/2-1/2"]
[WhiteElo "2158"]
[BlackElo "2374"]
[Annotator "TA"]
[PlyCount "79"]
[EventDate "2018.??.??"]
[EventCountry "SWE"]
[SourceTitle "playchess.com"]
[Source "ChessBase"]
[SourceQuality "1"]

{[%evp 20,79,13,13,23,28,50,14,42,0,0,0,32,-16,0,0,0,-27,0,-22,-31,-114,-50,-45,-3,-14,30,14,19,14,27,29,22,29,31,31,31,12,128,124,218,197,179,210,216,190,170,109,111,18,38,20,74,0,0,0,0,-2,196,204,185,199]} 1. e4 e6 2. d4 d5 3. Nc3 Nf6 4. e5 Nfd7 5. f4 c5 6. Nf3 Nc6 7. Be3 Be7 8. Qd2 O-O 9. dxc5 Nxc5 {C11: French: Classical System: 4 e5 and 4 Bg5 dxe4} (9... Qa5 10. a3 Bxc5 11. O-O-O Rd8 12. Bxc5 Nxc5 13. h4 Bd7 14. h5 h6 15. g4 Be8 16. Qe3 d4 17. Nxd4 Nxd4 18. Rxd4 {½-½ (26) Inarkiev,E (2689)-Volkov,S (2645) St Petersburg 2017}) 10. O-O-O Qc7 11. Kb1 {LiveBook: 12 Games} b6 {The position is equal.} 12. h4 {[%cal Bh2h4,Bh4h5][%mdl 32]} Bb7 $146 ({Predecessor:} 12... a6 13. h5 Ne4 14. Nxe4 dxe4 15. Nd4 Rd8 16. c3 Bb7 17. h6 {½-½ (47) Potrata,J (2324)-Sodomski,A (2278) ICCF email 2015}) 13. h5 Ne4 14. Nxe4 dxe4 15. Nd4 $1 {[%cal Rd4b5]} Rad8 {...Nxd4 is the strong threat.} 16. Bb5 Nb4 17. c3 Nd5 $1 18. Bf2 a6 19. Be2 b5 20. Rh3 (20. Qc1 $15) 20... Rd7 (20... b4 $1 $17 {Hoping for ...bxc3.} 21. c4 e3 $1 {[%mdl 512]} 22. Bxe3 Nxe3 23. Qxe3 Bc5) 21. Qc1 $15 Rfd8 {With the idea ...b4.} 22. f5 exf5 ({Don't play} 22... Qxe5 $6 23. Bg3 $16) (22... e3 $5 {[%cal Re3f2]} 23. fxe6 exf2 24. exf7+ (24. exd7 Qxe5 25. Bd3 Rxd7 $15) 24... Kh8 $15) 23. e6 $1 {[%cal Re6d7]} fxe6 24. Nxe6 Qe5 25. Nxd8 Rxd8 26. Bd4 Qc7 27. Rf1 $36 {[%mdl 2048] Black is under pressure.} Bc8 28. c4 Nb4 (28... Nf4 $1 $11 {keeps the balance.} 29. Qxf4 Qxf4 30. Rxf4 Rxd4) 29. Qc3 $1 $16 {Black must now prevent h6.} Nxa2 (29... Nd3 $16) 30. Kxa2 b4 31. Qe3 Qa5+ 32. Kb1 b3 33. Qxb3 Rxd4 34. Rd1 ({Better is} 34. c5+ $1 $16 Kf8 35. h6) 34... Rxd1+ $1 $11 35. Qxd1 f4 {[#]} (35... Kf7 $11) 36. Rb3 ({White should play} 36. Rc3 $1 $16) 36... Bf5 37. Qd5+ Qxd5 38. cxd5 {aiming for Bc4.} f3 $2 {[#]} (38... Kf7 $11 {and Black is okay.} 39. Kc1 Kf6) 39. Bc4 $1 $18 {d6+ would kill now.} Bd6 40. gxf3 {Precision: White = 53%, Black = 29%.} 1/2-1/2